Statistics for Countries that Visit Malaysia the Most

Click here to take the quiz!

General Stats

  • This quiz has been taken 608 times
  • The average score is 13 of 15

Answer Stats

RankCountry# of visitors% Correct
3China2,124,942
97%
2Indonesia3,049,964
97%
13United States217,075
97%
4Thailand1,780,800
95%
10United Kingdom400,269
95%
1Singapore13,272,961
94%
6India638,578
93%
9Japan413,768
92%
11Australia377,727
90%
14Vietnam216,877
87%
7South Korea444,439
85%
8Philippines417,446
81%
15France134,257
80%
5Brunei1,391,016
74%
12Taiwan300,861
70%

Score Distribution

Percentile by Number Answered

Percent of People with Each Score

Your Score History

You have not taken this quiz